| 000 | 00654nam a2200181 4500 | ||
|---|---|---|---|
| 008 | 231212b |||||||| |||| 00| 0 eng d | ||
| 082 |
_a363.349 _bMOH |
||
| 100 | _aMohideen, M.I.M. | ||
| 245 |
_a2004 December 26 "tsunami": _bassessment of destructions to muslims in the Eastern province Sri Lanka : survey report _nVolume: 1 |
||
| 260 |
_aColombo: _bMuslim reconstruction and resettlement organization, _c2005 |
||
| 300 | _ax.,391 p. | ||
| 650 | _aMUSLIMS-Disaster victims-Eastern province-Sri Lanka | ||
| 650 | _aTsunami damage -Sri Lanka | ||
| 650 | _aIndian Ocean Tsunami | ||
| 700 | _aVazeer, M.D.M. | ||
| 700 | _aRupesinghe,Kumar | ||
| 942 | _cRP | ||
| 999 |
_c4373 _d4373 |
||